[Event "36th European Club Cup 2021"]
[Site "Struga"]
[Date "2021.09.24"]
[Round "7.4"]
[White "Thybo, Jesper Sondergaard"]
[Black "Alekseenko, Kirill"]
[Result "1/2-1/2"]
[WhiteElo "2587"]
[BlackElo "2693"]
[Annotator "TA"]
[PlyCount "101"]
[EventDate "2021.09.18"]
[EventType "team-tourn"]
[EventCountry "MKD"]
[SourceTitle "playchess.com"]
[Source "ChessBase"]
[SourceQuality "1"]

{[%evp 17,101,19,24,27,28,24,52,35,60,16,26,0,0,0,22,14,18,16,28,0,0,0,0,0,0,0,
0,0,0,0,8,0,21,12,10,9,109,0,0,0,0,0,0,-33,-8,-29,-9,-12,-4,0,0,0,0,-34,0,0,0,
0,0,0,47,0,28,0,22,0,-3,-71,-47,-109,-109,-116,-116,-114,-120,-111,-110,-110,
-108,-114,-64,-122,0,-86,0,-75]} 1. d4 Nf6 2. c4 e6 3. g3 Bb4+ 4. Bd2 Be7 5.
Bg2 d5 6. Nf3 O-O 7. O-O Nbd7 8. Qc2 c6 9. Bf4 a5 10. Rd1 {E08: Closed Catalan:
Main Line: 7 Qc2.} Nh5 11. Bc1 f5 12. b3 {White is slightly better.} Nhf6 13.
Ba3 {[#]} b5 $146 ({Predecessor:} 13... Ne4 14. Bxe7 Qxe7 15. Nc3 b6 16. e3 Bb7
17. Rac1 Rac8 18. Ne2 c5 19. Qb2 cxd4 20. Qxd4 {0-1 (74) Kazakovskiy,V (2473)
-Oparin,G (2652) Chess.com INT 2020}) 14. Bxe7 Qxe7 15. Nbd2 Ne4 16. cxd5 cxd5
17. Qc7 Qf7 18. Ne5 (18. a3 {with more complications.} a4 19. b4 Ra6 20. Rac1
Nd6 21. Rc6) 18... Nxe5 19. Qxe5 Nc3 20. Rdc1 b4 21. Nb1 $36 {[%mdl 2048]
White has some pressure.} Ne4 22. f3 Nf6 23. Nd2 Bd7 24. Rc7 Qe7 25. Bh3 {
Black should prevent Bxf5!} Ne8 26. Rc5 Nd6 {[#]} (26... Qd8 $11 {keeps the
balance.}) 27. Rac1 ({Only move:} 27. Rxd5 $1 $16 {[%mdl 512]} Nf7 28. Qe3)
27... Nf7 28. Qe3 Rfe8 29. f4 Nd6 30. Qe5 Nb5 31. Nf3 Nc3 32. a4 Rac8 33. Rxc8
$1 Rxc8 34. Kf1 {next Bxf5! is good for White.} Qe8 35. g4 {[%cal Rg4f5]} fxg4
36. Bxg4 Qg6 37. h3 Rf8 38. Kf2 Qf6 39. Ke3 Kh8 40. Rg1 Rc8 41. Rc1 Qg6 42. Ne1
{[#]} (42. Bh5 $1 $11 Qe4+ 43. Kd2) 42... Qe4+ $1 $17 43. Qxe4 (43. Kd2 $1 $15)
43... dxe4 44. Kd2 g6 {...h5 is the strong threat.} 45. h4 Rf8 46. Ng2 h5 47.
Bh3 Kg7 48. Rg1 Nd5 49. Rc1 $1 {Rc5 would now be nice for White.} Nc3 ({And not
} 49... Nxf4 50. Nxf4 Rxf4 51. Rc7 $16) 50. Rg1 $1 Nd5 51. Rc1 $1 {Weighted
Error Value: White=0.12/Black=0.18} 1/2-1/2

[Event "36th European Club Cup 2021"]
[Site "Struga"]
[Date "2021.09.24"]
[Round "7.5"]
[White "Matlakov, Maxim"]
[Black "Rozentalis, Eduardas"]
[Result "1-0"]
[WhiteElo "2683"]
[BlackElo "2509"]
[Annotator "TA"]
[PlyCount "73"]
[EventDate "2021.09.18"]
[EventType "team-tourn"]
[EventCountry "MKD"]
[SourceTitle "playchess.com"]
[Source "ChessBase"]
[SourceQuality "1"]

{[%evp 18,73,45,38,60,33,55,25,68,68,70,62,73,67,79,74,78,88,91,68,81,68,79,75,
87,70,85,81,99,99,91,50,59,54,73,65,125,126,128,124,119,120,125,123,112,114,
127,83,80,46,221,13,445,431,439,435,399,390]} 1. e4 Nf6 2. e5 Nd5 3. d4 d6 4.
Nf3 dxe5 5. Nxe5 c6 6. Be2 Nd7 7. Nf3 g6 8. O-O Bg7 9. c4 Nc7 10. Nc3 O-O {
B04: Alekhine's Defence: 4 Nf3.} 11. Bg5 Nf6 {[#]} 12. Re1 $146 ({Predecessor:
} 12. Qd2 Ne6 13. Bh4 Ng4 14. Rad1 Bh6 15. Ng5 Ng7 16. h3 Nf6 17. f4 Nf5 18.
Bf2 {1-0 (45) Saric,A (2491)-Zelcic,R (2550) Zagreb 2011}) 12... Bg4 {White
has an edge.} 13. h3 Bxf3 14. Bxf3 (14. gxf3 Ne6 $15) 14... Qd7 15. Qd2 Rfd8
16. Rad1 Ne6 {[%cal Re6d4]} 17. Be3 Rac8 18. d5 cxd5 19. Nxd5 Nxd5 20. Bxd5 Qc7
21. Qe2 (21. Bxa7 $2 b6 $17) 21... Nf8 22. c5 (22. Bxa7 $2 e6 $19) 22... e6 23.
Bf3 Nd7 24. Bg5 Re8 25. b4 {[%cal Bb2b4,Bb4b5][%mdl 32]} Ne5 26. Be4 a5 (26...
Nc6 $14) 27. b5 $1 $16 Qxc5 28. Bxb7 Rb8 {[#]} 29. Be3 $1 $36 {[%cal Re3c5]
[%mdl 2048] White has strong initiative.} Qc4 {[#]} 30. Ba6 Qxe2 31. Rxe2 {
And now Rc2 would win.} Nc4 32. Ba7 Ra8 33. Rd7 Be5 $2 ({Black should try} 
33... Red8 $14 34. Rc7 (34. Rxd8+ Rxd8 35. Rc2 Bd4 $11) 34... Rd1+ 35. Kh2 Rb1)
34. Rc2 $2 (34. Kf1 $18) 34... Bb8 $2 {[%mdl 8192]} 35. Bc5 $18 ({Less strong
is} 35. Rxc4 Bxa7 36. Rc6 Red8 $16) ({Not} 35. Bxb8 Nb6 $16) 35... Ne5 36. Rdd2
Ba7 37. f4 {Weighted Error Value: White=0.21/Black=0.45} 1-0

[Event "36th European Club Cup 2021"]
[Site "Struga"]
[Date "2021.09.24"]
[Round "7.6"]
[White "Chatalbashev, Boris"]
[Black "Ponkratov, Pavel"]
[Result "1/2-1/2"]
[WhiteElo "2530"]
[BlackElo "2657"]
[Annotator "ChessBase"]
[PlyCount "75"]
[EventDate "2021.09.18"]
[EventType "team-tourn"]
[EventCountry "MKD"]
[SourceTitle "playchess.com"]
[Source "ChessBase"]
[SourceQuality "1"]
[TimeControl "40/5400+30:1800+30"]

1. c4 {[%emt 0:00:03]} Nf6 {[%emt 0:00:25]} 2. Nc3 {[%emt 0:00:14]} e5 {
[%emt 0:00:06]} 3. g3 {[%emt 0:00:13]} Bb4 {[%emt 0:02:01]} 4. Bg2 {[%emt 0:00:
08]} O-O {[%emt 0:00:11]} 5. Nf3 {[%emt 0:00:57]} Re8 {[%emt 0:01:51]} 6. O-O {
[%emt 0:02:38]} e4 {[%emt 0:02:03]} 7. Nd4 {[%emt 0:00:39]} Bxc3 {[%emt 0:00:
23]} 8. dxc3 {[%emt 0:04:39]} d6 {[%emt 0:03:15]} 9. f3 {[%emt 0:01:17]} h6 {
[%emt 0:03:45]} 10. g4 {[%emt 0:03:54]} Nh7 {[%emt 0:13:43]} 11. h3 {[%emt 0:
07:49]} Nd7 {[%emt 0:06:16]} 12. f4 {[%emt 0:01:23]} Nb6 {[%emt 0:00:07]} 13.
b3 {[%emt 0:06:01]} f5 {[%emt 0:10:47]} 14. gxf5 {[%emt 0:01:21]} Qf6 {[%emt 0:
00:11]} 15. e3 {[%emt 0:04:56]} Bxf5 {[%emt 0:00:57]} 16. Qh5 {[%emt 0:02:12]}
Bg6 {[%emt 0:04:01]} 17. Qg4 {[%emt 0:01:18]} Bf7 {[%emt 0:03:17]} 18. Bd2 {
[%emt 0:01:25]} c5 {[%emt 0:06:59]} 19. Ne2 {[%emt 0:04:48]} Qe7 {[%emt 0:00:
16]} 20. Ng3 {[%emt 0:04:20]} Nf6 {[%emt 0:00:08]} 21. Nf5 {[%emt 0:01:15]}
Nxg4 {[%emt 0:00:08]} 22. Nxe7+ {[%emt 0:00:05]} Rxe7 {[%emt 0:00:03]} 23. hxg4
{[%emt 0:00:06]} Ree8 {[%emt 0:09:10]} 24. Rad1 {[%emt 0:08:59]} Rad8 {[%emt 0:
02:34]} 25. Kf2 {[%emt 0:12:23]} d5 {[%emt 0:02:35]} 26. cxd5 {[%emt 0:00:23]}
c4 {[%emt 0:00:03]} 27. bxc4 {[%emt 0:03:52]} Nxc4 {[%emt 0:00:05]} 28. Bc1 {
[%emt 0:00:05]} Rxd5 {[%emt 0:01:05]} 29. Rxd5 {[%emt 0:01:35]} Bxd5 {[%emt 0:
00:04]} 30. Rd1 {[%emt 0:00:24]} Nb6 {[%emt 0:00:22]} 31. Ba3 {[%emt 0:06:50]}
Bxa2 {[%emt 0:02:56]} 32. Bc5 {[%emt 0:01:55]} Bc4 {[%emt 0:05:47]} 33. Rd4 {
[%emt 0:06:38]} Bd3 {[%emt 0:00:05]} 34. Rb4 {[%emt 0:00:06]} g5 {[%emt 0:06:
49]} 35. Bxb6 {[%emt 0:04:35]} axb6 {[%emt 0:00:09]} 36. fxg5 {[%emt 0:00:23]}
hxg5 {[%emt 0:00:04]} 37. Rxb6 {[%emt 0:00:13]} Rc8 {[%emt 0:00:05]} 38. Rxb7 {
[%emt 0:05:14]} 1/2-1/2

[Event "36th European Club Cup 2021"]
[Site "Struga"]
[Date "2021.09.24"]
[Round "7.7"]
[White "Harikrishna, Pentala"]
[Black "Korobov, Anton"]
[Result "*"]
[WhiteElo "2725"]
[BlackElo "2685"]
[Annotator "RC"]
[PlyCount "121"]
[EventDate "2021.09.18"]
[EventType "team-tourn"]
[EventCountry "MKD"]
[SourceTitle "playchess.com"]
[Source "ChessBase"]
[SourceQuality "1"]
[TimeControl "40/5400+30:1800+30"]

1. e4 {[%emt 0:00:04]} c5 {[%emt 0:00:06]} 2. Nf3 {[%emt 0:00:04]} d6 {[%emt 0:
00:09]} 3. d4 {[%emt 0:00:04]} cxd4 {[%emt 0:00:05]} 4. Qxd4 {[%emt 0:00:03]}
Nf6 {[%emt 0:00:28]} 5. Be2 {[%emt 0:00:15]} Nc6 {[%emt 0:03:20]} 6. Qe3 {
[%emt 0:00:27]} g6 {[%emt 0:01:22]} 7. O-O {[%emt 1:33:03]} Bg7 {[%emt 0:00:05]
} 8. h3 {[%emt 0:01:05]} O-O {[%emt 0:01:18]} 9. Rd1 {[%emt 0:00:21]} Nd7 {
[%emt 0:04:03]} 10. Nc3 {[%emt 0:03:26]} a6 {[%emt 0:09:43]} 11. a4 {[%emt 0:
07:39]} b6 {[%emt 0:02:24]} 12. Qf4 {[%emt 0:02:29]} Nb4 {[%emt 0:08:37]} 13.
Qh4 {[%emt 0:12:37]} Nxc2 {[%emt 0:04:47]} 14. Rb1 {[%emt 0:04:37]} Ne5 {
[%emt 0:05:31]} 15. Nxe5 {[%emt 0:09:11]} Bxe5 {[%emt 0:00:12]} 16. Nd5 {
[%emt 0:00:28]} Re8 {[%emt 0:10:37]} 17. Bd3 {[%emt 0:12:37]} Nd4 {[%emt 0:01:
05]} 18. Be3 {[%emt 0:00:49]} Bb7 {[%emt 0:03:33]} 19. Bc4 {[%emt 0:00:32]} b5
{[%emt 0:15:58]} 20. Bxd4 {[%emt 0:10:49]} Bxd4 {[%emt 0:01:04]} 21. axb5 {
[%emt 0:00:08]} Be5 {[%emt 0:12:24]} 22. bxa6 {[%emt 0:03:50]} Bxa6 {[%emt 0:
00:07]} 23. Bxa6 {[%emt 0:00:28]} Rxa6 {[%emt 0:00:02]} 24. b4 {[%emt 0:00:07]}
e6 {[%emt 0:05:30]} 25. Qxd8 {[%emt 0:00:28]} Rxd8 {[%emt 0:00:01]} 26. b5 {
[%emt 0:04:25]} Ra7 {[%emt 0:01:08]} 27. Nb4 {[%emt 0:00:48]} Rb7 {[%emt 0:00:
05]} 28. Nc6 {[%emt 0:03:20]} Ra8 {[%emt 0:00:09]} 29. g3 {[%emt 0:04:47]} Ra4
{[%emt 0:02:48]} 30. f4 {[%emt 0:09:48]} Bf6 {[%emt 0:00:45]} 31. b6 {[%emt 0:
00:40]} Ra6 {[%emt 0:04:59]} 32. Rxd6 {[%emt 0:00:33]} Raxb6 {[%emt 0:00:13]}
33. Rxb6 {[%emt 0:00:32]} Rxb6 {[%emt 0:00:01]} 34. e5 {[%emt 0:01:23]} Rb1+ {
[%emt 0:00:03]} 35. Kg2 {[%emt 0:00:37]} Rb2+ {[%emt 0:00:04]} 36. Kf3 {
[%emt 0:00:34]} Rb3+ {[%emt 0:00:04]} 37. Kg2 {[%emt 0:02:42]} Rb2+ {[%emt 0:
06:10]} 38. Kf1 {[%emt 0:02:10]} Bg7 {[%emt 0:00:06]} 39. Ne7+ {[%emt 0:01:07]}
Kf8 {[%emt 0:00:04]} 40. Nc6 {[%emt 0:00:00]} Kg8 {[%emt 0:00:00]} 41. Rd7 {
[%emt 0:10:16]} Rb6 {[%emt 0:09:02]} 42. Nd8 {[%emt 0:05:57]} f6 {[%emt 0:00:
17]} 43. Re7 {[%emt 0:00:15]} fxe5 {[%emt 0:00:08]} 44. Re8+ {[%emt 0:00:32]}
Bf8 {[%emt 0:00:05]} 45. Nxe6 {[%emt 0:00:48]} Kf7 {[%emt 0:00:05]} 46. Rxf8+ {
[%emt 0:00:08]} Kxe6 {[%emt 0:00:04]} 47. Re8+ {[%emt 0:00:06]} Kf6 {[%emt 0:
00:30]} 48. Rxe5 {[%emt 0:00:39]} h5 {[%emt 0:00:13]} 49. Kf2 {[%emt 0:00:27]}
Ra6 {[%emt 0:00:18]} 50. Kf3 {[%emt 0:00:45]} Ra3+ {[%emt 0:00:11]} 51. Re3 {
[%emt 0:19:45]} Ra4 {[%emt 0:00:09]} 52. Rc3 {[%emt 0:01:15]} Rb4 {[%emt 0:00:
49]} 53. g4 {[%emt 0:00:43]} hxg4+ {[%emt 0:00:15]} 54. hxg4 {[%emt 0:00:05]}
Rb7 {[%emt 0:01:53]} 55. Kg3 {[%emt 0:19:36]} Kf7 {[%emt 0:04:43]} 56. Rc5 {
[%emt 0:00:50]} Rb4 {[%emt 0:00:17]} 57. Rc7+ {[%emt 0:00:13]} Kg8 {[%emt 0:00:
22]} 58. Rd7 {[%emt 0:00:08]} Ra4 {[%emt 0:00:24]} 59. Kf3 {[%emt 0:00:06]} Kf8
{[%emt 0:00:32]} 60. Ke3 {[%emt 0:00:08]} g5 {[%emt 0:00:16]} 61. fxg5 {
[%emt 0:20:22]} *

[Event "36th European Club Cup 2021"]
[Site "Struga"]
[Date "2021.09.24"]
[Round "7.7"]
[White "Harikrishna, Pentala"]
[Black "Korobov, Anton"]
[Result "1/2-1/2"]
[WhiteElo "2725"]
[BlackElo "2685"]
[Annotator "TA"]
[PlyCount "121"]
[EventDate "2021.09.18"]
[EventType "team-tourn"]
[EventCountry "MKD"]
[SourceTitle "playchess.com"]
[Source "ChessBase"]
[SourceQuality "1"]

{[%evp 9,121,13,8,8,20,8,28,8,-6,-6,18,7,4,0,25,26,44,59,41,64,98,98,80,83,82,
93,77,18,18,6,19,19,18,0,0,0,0,0,0,0,16,18,16,17,16,16,24,18,27,18,74,79,91,0,
0,0,0,0,0,0,0,0,0,0,0,0,0,0,0,0,0,0,0,0,4,0,0,0,14,11,11,11,11,11,34,34,34,34,
34,33,34,34,34,34,34,34,34,33,33,33,33,33,33,33,33,33,33,33,33,33,33,0,0,0]} 1.
e4 c5 2. Nf3 d6 3. d4 cxd4 4. Qxd4 Nf6 5. Be2 Nc6 6. Qe3 {B53: Sicilian: 2...
d6: Lines with Qxd4.} g6 7. O-O Bg7 8. h3 {White has an edge.} O-O (8... Nd7 9.
Nc3 O-O 10. Rb1 a6 11. Bd2 b5 12. Nd5 e6 13. Nb4 Ne7 14. Bc3 Bxc3 15. Qxc3 Qb6
16. Qd2 a5 17. Nd3 Bb7 18. Qg5 Rae8 {1-0 (57) Harikrishna,P (2733)-Korobov,A 
(2694) Czech Republic 2019}) 9. Rd1 Nd7 10. Nc3 a6 11. a4 b6 12. Qf4 {[#]} Nb4
$146 ({Predecessor:} 12... e5 13. Qg5 Nd4 14. Nxd4 exd4 15. Qxd8 Rxd8 16. Nd5
Bb7 17. Ra3 Bxd5 18. exd5 Rdc8 19. Bd3 Nc5 20. Be2 Nd7 21. Bd3 Nc5 22. Be2 Nd7
{1/2-1/2 (22) Blomqvist,E (2488)-Sasikiran,K (2678) Astana 2019}) 13. Qh4 Nxc2
14. Rb1 Ne5 15. Nxe5 Bxe5 16. Nd5 Re8 17. Bd3 Nd4 {[#]} 18. Be3 (18. Bg5 $1 $16
) 18... Bb7 $11 19. Bc4 b5 20. Bxd4 Bxd4 21. axb5 Be5 22. bxa6 Bxa6 23. Bxa6
Rxa6 24. b4 e6 25. Qxd8 Rxd8 {[#]} 26. b5 $1 Ra7 27. Nb4 {And now Nc6 would
win.} Rb7 28. Nc6 Ra8 29. g3 Ra4 (29... g5 $11 {keeps the balance.}) 30. f4 $16
Bf6 31. b6 (31. Rxd6 $16 {Hoping for e5.} Rxe4 32. b6) 31... Ra6 $11 32. Rxd6 {
aiming for e5.} Raxb6 33. Rxb6 ({Wrong is} 33. Ne7+ $2 Bxe7 34. Rdxb6 (34.
Rbxb6 $2 {perishes.} Rxb6 35. Rd2 Rb4 $19) 34... Bc5+ 35. Kf1 Rxb6 $19) 33...
Rxb6 {[%mdl 4096] Endgame KRB-KRN} 34. e5 ({Don't go for} 34. Ne7+ $2 Bxe7 35.
Rd2 Rb4 $19) 34... Rb1+ 35. Kg2 Rb2+ 36. Kf3 Rb3+ 37. Kg2 (37. Ke4 {looks
sharper.} Bg7 38. Rd3 Rb7 39. Rd8+ Bf8 40. Nd4) 37... Rb2+ 38. Kf1 Bg7 39. Ne7+
Kf8 40. Nc6 {[%cal Rd6d8]} Kg8 41. Rd7 Rb6 42. Nd8 f6 43. Re7 fxe5 44. Re8+ (
44. Nxe6 $2 Bf6 $17) 44... Bf8 45. Nxe6 {[%csl Ge6][%cal Re8f8]} Kf7 46. Rxf8+
Kxe6 {KR-KR} 47. Re8+ Kf6 48. Rxe5 h5 49. Kf2 Ra6 50. Kf3 Ra3+ 51. Re3 Ra4 52.
Rc3 Rb4 53. g4 hxg4+ 54. hxg4 Rb7 55. Kg3 Kf7 56. Rc5 Rb4 57. Rc7+ Kg8 58. Rd7
Ra4 59. Kf3 Kf8 60. Ke3 g5 61. fxg5 {Weighted Error Value: White=0.05/Black=0.
05} 1/2-1/2

[Event "36th European Club Cup 2021"]
[Site "Struga"]
[Date "2021.09.24"]
[Round "7.8"]
[White "Shirov, Alexei"]
[Black "Wojtaszek, Radoslaw"]
[Result "1/2-1/2"]
[WhiteElo "2652"]
[BlackElo "2698"]
[Annotator "TA"]
[PlyCount "73"]
[EventDate "2021.09.18"]
[EventType "team-tourn"]
[EventCountry "MKD"]
[SourceTitle "playchess.com"]
[Source "ChessBase"]
[SourceQuality "1"]

{[%evp 15,73,16,22,9,26,9,16,2,2,15,32,16,15,11,39,20,18,9,12,22,29,24,24,27,
26,23,14,28,16,29,23,8,74,35,29,-86,-87,-88,-83,-93,-89,-85,-86,-86,-90,-91,
-88,-99,0,0,0,-1,0,-1,0,0,0,0,-1,-1]} 1. e4 e5 2. Nf3 Nc6 3. Bb5 a6 4. Ba4 Nf6
5. O-O Be7 6. d3 b5 7. Bb3 d6 8. a4 b4 9. Nbd2 {C84: Closed Ruy Lopez: Unusual
White 6th moves.} O-O 10. c3 Rb8 11. Nc4 bxc3 12. bxc3 Be6 13. Ba2 h6 14. Re1
Qc8 {[#]} 15. Ba3 $146 ({Predecessor:} 15. h3 Rd8 16. Be3 Bf8 17. Qc2 Ne7 18.
d4 exd4 19. Nxd4 Bd7 20. e5 dxe5 21. Nxe5 {1-0 (32) Paravyan,D (2511)-Bakunts,
R (2384) Batumi 2016}) 15... Re8 16. d4 {d5 is the strong threat.} exd4 17.
Nxd4 Nxd4 18. cxd4 d5 19. Bxe7 Rxe7 20. Na5 c6 ({Don't play} 20... dxe4 $6 21.
Nc6 $16) 21. e5 Nd7 22. Rc1 c5 23. dxc5 Nxc5 (23... Qc7 $11 24. Nb3 Nxe5) 24.
Bxd5 Rd7 {[#]} 25. Nc6 $1 Qf8 $17 26. Rxc5 Qxc5 27. Nxb8 Rxd5 {[%mdl 64]
Double Attack} 28. Qc1 {[#]} Qb6 {[%cal Rb6b8]} 29. Qb1 {[#]} ({Wrong is} 29.
Nc6 $2 Rc5 $19) 29... Rxe5 $1 30. Rf1 Qd6 {Hoping for ...Bf5.} 31. Nxa6 Rh5 (
31... Bc4 $17 32. Rd1 Qf6) 32. Qb8+ $11 {The position is equal.} Qxb8 33. Nxb8
Ra5 34. Ra1 Ra8 35. Nc6 Bd7 36. Ne5 Rxa4 37. Rxa4 {Weighted Error Value:
White=0.11/Black=0.13} 1/2-1/2

[Event "36th European Club Cup 2021"]
[Site "Struga"]
[Date "2021.09.24"]
[Round "7.9"]
[White "Navara, David"]
[Black "Abasov, Nijat"]
[Result "1-0"]
[WhiteElo "2676"]
[BlackElo "2652"]
[Annotator "ChessBase"]
[PlyCount "115"]
[EventDate "2021.09.18"]
[EventType "team-tourn"]
[EventCountry "MKD"]
[SourceTitle "playchess.com"]
[Source "ChessBase"]
[SourceQuality "1"]
[TimeControl "40/5400+30:1800+30"]

1. e4 {[%emt 0:00:02]} c5 {[%emt 0:00:07]} 2. Nf3 {[%emt 0:00:03]} e6 {[%emt 0:
00:10]} 3. d4 {[%emt 0:00:03]} cxd4 {[%emt 0:00:09]} 4. Nxd4 {[%emt 0:00:03]}
Nf6 {[%emt 0:00:20]} 5. Nc3 {[%emt 0:00:04]} Nc6 {[%emt 0:00:07]} 6. Nxc6 {
[%emt 0:00:04]} bxc6 {[%emt 0:00:10]} 7. e5 {[%emt 0:00:05]} Nd5 {[%emt 0:00:
09]} 8. Ne4 {[%emt 0:00:05]} Qc7 {[%emt 0:00:08]} 9. f4 {[%emt 0:00:07]} Qb6 {
[%emt 0:00:05]} 10. c4 {[%emt 0:00:07]} Bb4+ {[%emt 0:00:06]} 11. Ke2 {[%emt 0:
00:03]} f5 {[%emt 0:00:13]} 12. Nf2 {[%emt 0:00:15]} Ba6 {[%emt 0:00:12]} 13.
Kf3 {[%emt 0:00:06]} Ne7 {[%emt 0:00:09]} 14. Be3 {[%emt 0:00:07]} Bc5 {
[%emt 0:00:06]} 15. Bxc5 {[%emt 0:00:21]} Qxc5 {[%emt 0:00:07]} 16. Qd6 {
[%emt 0:00:16]} Qb6 {[%emt 0:00:18]} 17. b3 {[%emt 0:01:05]} c5 {[%emt 0:00:18]
} 18. Rd1 {[%emt 0:00:24]} Bb7+ {[%emt 0:00:19]} 19. Ke3 {[%emt 0:00:25]} Kf7 {
[%emt 0:00:23]} 20. Qxb6 {[%emt 0:00:20]} axb6 {[%emt 0:00:07]} 21. Rxd7 {
[%emt 0:00:08]} Bc6 {[%emt 0:00:05]} 22. Rd2 {[%emt 0:00:11]} g5 {[%emt 0:00:
13]} 23. fxg5 {[%emt 0:02:55]} h6 {[%emt 0:00:17]} 24. gxh6 {[%emt 0:05:05]}
Ng6 {[%emt 0:10:46]} 25. Nd3 {[%emt 0:00:56]} Rxh6 {[%emt 0:00:27]} 26. h4 {
[%emt 0:04:28]} Be4 {[%emt 0:12:35]} 27. h5 {[%emt 0:05:38]} Ke7 {[%emt 0:00:
07]} 28. Nf2 {[%emt 0:01:12]} Nxe5 {[%emt 0:00:08]} 29. Nxe4 {[%emt 0:07:29]}
fxe4 {[%emt 0:00:06]} 30. Be2 {[%emt 0:03:06]} Rg8 {[%emt 0:06:44]} 31. Kxe4 {
[%emt 0:01:03]} Rg5 {[%emt 0:00:05]} 32. g4 {[%emt 0:04:09]} Rf6 {[%emt 0:00:
04]} 33. h6 {[%emt 0:20:48]} Nxg4 {[%emt 0:00:31]} 34. Bxg4 {[%emt 0:00:10]}
Rxg4+ {[%emt 0:00:05]} 35. Kd3 {[%emt 0:00:13]} Rg8 {[%emt 0:01:38]} 36. h7 {
[%emt 0:01:48]} Rh8 {[%emt 0:00:06]} 37. Rdh2 {[%emt 0:00:31]} Kd7 {[%emt 0:01:
11]} 38. Rh6 {[%emt 0:04:41]} Rf7 {[%emt 0:00:12]} 39. Ke4 {[%emt 0:05:46]} Kd6
{[%emt 0:02:50]} 40. R1h5 {[%emt 0:00:00]} Rg7 {[%emt 0:00:00]} 41. Re5 {
[%emt 0:05:39]} Re7 {[%emt 0:01:33]} 42. Rd5+ {[%emt 0:00:06]} Kc7 {[%emt 0:00:
10]} 43. Rdh5 {[%emt 0:00:04]} Kd6 {[%emt 0:00:16]} 44. a3 {[%emt 0:00:10]} Rg7
{[%emt 0:07:40]} 45. Re5 {[%emt 0:00:45]} Re7 {[%emt 0:07:59]} 46. Rd5+ {
[%emt 0:00:16]} Kc7 {[%emt 0:00:11]} 47. Rdh5 {[%emt 0:00:08]} Kd6 {[%emt 0:00:
04]} 48. b4 {[%emt 0:00:36]} cxb4 {[%emt 0:00:11]} 49. axb4 {[%emt 0:00:12]}
Rg7 {[%emt 0:03:17]} 50. c5+ {[%emt 0:14:40]} bxc5 {[%emt 0:00:44]} 51. bxc5+ {
[%emt 0:00:06]} Kd7 {[%emt 0:01:54]} 52. Ke5 {[%emt 0:00:33]} Rf7 {[%emt 0:05:
27]} 53. c6+ {[%emt 0:00:16]} Kxc6 {[%emt 0:01:22]} 54. Kxe6 {[%emt 0:00:09]}
Ra7 {[%emt 0:02:06]} 55. Kf6 {[%emt 0:02:05]} Kd6 {[%emt 0:00:08]} 56. Rh1 {
[%emt 0:01:25]} Kd5 {[%emt 0:01:52]} 57. Kg6 {[%emt 0:04:21]} Ke6 {[%emt 0:07:
07]} 58. Rf1 {[%emt 0:01:20]} 1-0

[Event "36th European Club Cup 2021"]
[Site "Struga"]
[Date "2021.09.24"]
[Round "7.10"]
[White "Santos Latasa, Jaime"]
[Black "Ragger, Markus"]
[Result "1/2-1/2"]
[WhiteElo "2627"]
[BlackElo "2665"]
[Annotator "ChessBase"]
[PlyCount "41"]
[EventDate "2021.09.18"]
[EventType "team-tourn"]
[EventCountry "MKD"]
[SourceTitle "playchess.com"]
[Source "ChessBase"]
[SourceQuality "1"]
[TimeControl "40/5400+30:1800+30"]

1. e4 {[%emt 0:00:02]} c5 {[%emt 0:00:02]} 2. Nf3 {[%emt 0:00:10]} e6 {[%emt 0:
00:05]} 3. d4 {[%emt 0:00:14]} cxd4 {[%emt 0:00:02]} 4. Nxd4 {[%emt 0:00:06]}
Nf6 {[%emt 0:00:10]} 5. Nc3 {[%emt 0:00:06]} Nc6 {[%emt 0:00:16]} 6. a3 {
[%emt 0:00:41]} Be7 {[%emt 0:00:18]} 7. Nxc6 {[%emt 0:00:45]} bxc6 {[%emt 0:00:
24]} 8. e5 {[%emt 0:00:09]} Nd5 {[%emt 0:00:15]} 9. Qg4 {[%emt 0:00:05]} g6 {
[%emt 0:00:14]} 10. Qg3 {[%emt 0:00:13]} d6 {[%emt 0:00:52]} 11. Nxd5 {[%emt 0:
00:18]} exd5 {[%emt 0:00:34]} 12. Bh6 {[%emt 0:01:21]} Be6 {[%emt 0:00:18]} 13.
Bd3 {[%emt 0:00:38]} Bh4 {[%emt 0:32:00]} 14. Qf4 {[%emt 0:02:49]} dxe5 {
[%emt 0:00:45]} 15. Qxe5 {[%emt 0:00:05]} Qf6 {[%emt 0:02:46]} 16. Bf4 {
[%emt 0:11:01]} Qxe5+ {[%emt 0:03:25]} 17. Bxe5 {[%emt 0:00:08]} Rg8 {[%emt 0:
00:01]} 18. Ba6 {[%emt 0:04:38]} Bc8 {[%emt 0:18:09]} 19. Bd3 {[%emt 0:02:13]}
Be6 {[%emt 0:00:07]} 20. Ba6 {[%emt 0:14:52]} Bc8 {[%emt 0:00:14]} 21. Bd3 {
[%emt 0:06:49]} 1/2-1/2